000 00732nas a2200229 4500
001 BR0800340
003 BR-BrBNA
005 20231205111450.0
007 ta
008 230509b bl.|||p| |||| 00| 00por d
040 _aBR-BrBNA
_bpor
_cBiblioteca Nacional de Agricultura
041 _a(Pt)
072 _aL74
100 1 _aChiquito, M.
100 1 _aWerner, P.R.
245 1 _aAdenoma de corpo aórtico (quimiodectoma)em hamster (Mesocricentus auratus)- relato de caso
650 _aHAMSTER
650 _aTUMOR
773 0 _tArquivos de Ciências Veterinárias e Zoologia da UNIPAR (Brazil)
_xISSN 1415-8167
_g(Jan-Jul 2000), v. 3(1) p. 71-73
_wBR0800340
909 _a202311
_bLúcia
_c55
_dLúcia Elande
942 _2AGRIS
_n0
_cANA
999 _c192886
_d192886